Welcome to CU Library Online Public Access Catalogue (OPAC)

Modules for Basic Nursing Skills (Record no. 7864)

MARC details
000 -LEADER
fixed length control field 00526nam a22001697a 4500
005 - DATE AND TIME OF LATEST TRANSACTION
control field 20251028163723.0
008 - FIXED-LENGTH DATA ELEMENTS--GENERAL INFORMATION
fixed length control field 251028b |||||||| |||| 00| 0 eng d
020 ## - INTERNATIONAL STANDARD BOOK NUMBER
International Standard Book Number 9780781753807
050 ## - LIBRARY OF CONGRESS CALL NUMBER
Classification number RT52
Item number .E44
100 ## - MAIN ENTRY--PERSONAL NAME
Personal name Ellis, Janice Rider
245 ## - TITLE STATEMENT
Title Modules for Basic Nursing Skills
Statement of responsibility, etc. Janice Rider Ellis & Patricia M. Bentz
250 ## - EDITION STATEMENT
Edition statement 7th ed.
260 ## - PUBLICATION, DISTRIBUTION, ETC.
Place of publication, distribution, etc. Philadelphia
Name of publisher, distributor, etc. Lippincott Williams & Wilkins
Date of publication, distribution, etc. 2007
300 ## - PHYSICAL DESCRIPTION
Extent xiv. 1120p.
Other physical details ill. color
Dimensions 27.5cm
700 ## - ADDED ENTRY--PERSONAL NAME
Personal name Bentz, Patricia M.
942 ## - ADDED ENTRY ELEMENTS (KOHA)
Source of classification or shelving scheme Library of Congress Classification
Koha item type Books
Edition 7th ed.
Suppress in OPAC No
999 ## -
-- 7864
-- 7864
Holdings
Withdrawn status Lost status Source of classification or shelving scheme Damaged status Not for loan Collection Home library Current library Shelving location Date acquired Total checkouts Full call number Barcode Date last seen Copy number Price effective from Koha item type
    Library of Congress Classification     Non-fiction Science Library (Miotso) Science Library (Miotso) General stacks 10/28/2025   RT52 .E44 ELL SLM00004729 10/28/2025 1 10/28/2025 Books
    Library of Congress Classification     Non-fiction Science Library (Miotso) Science Library (Miotso) General stacks 10/28/2025   RT52 .E44 ELL SLM00004730 10/28/2025 2 10/28/2025 Books
    Library of Congress Classification     Non-fiction Science Library (Miotso) Science Library (Miotso) General stacks 10/28/2025   RT52 .E44 ELL SLM00004731 10/28/2025 3 10/28/2025 Books
    Library of Congress Classification     Non-fiction Science Library (Miotso) Science Library (Miotso) General stacks 10/28/2025   RT52 .E44 ELL SLM00004732 10/28/2025 4 10/28/2025 Books
    Library of Congress Classification     Non-fiction Science Library (Miotso) Science Library (Miotso) General stacks 10/28/2025   RT52 .E44 ELL SLM00004733 10/28/2025 5 10/28/2025 Books
    Library of Congress Classification     Non-fiction Science Library (Miotso) Science Library (Miotso) General stacks 10/28/2025   RT52 .E44 ELL SLM00004734 10/28/2025 6 10/28/2025 Books
© 2023-2024 Copyright: Central University Libraries. All Rights Reserved | Created by: Mahone Tech Office